| 000 | 00357nam a2200133Ia 4500 | ||
|---|---|---|---|
| 008 | 231221s9999 xx 000 0 und d | ||
| 020 | _a978-0-85729-277-3 | ||
| 041 | _aEnglish | ||
| 100 | _aV.S. Alagar, K. Periyasamy | ||
| 245 | 0 | _aSpecification of Software Systems | |
| 260 |
_c2011 _bSpringer US _aNew York |
||
| 650 | _aComputer Science | ||
| 942 | _cEB | ||
| 999 |
_c218383 _d218383 |
||